| 000 | 00714nam a22001937a 4500 | ||
|---|---|---|---|
| 003 | AM-YeHGA | ||
| 005 | 20250617160048.0 | ||
| 008 | 191226s2020 ai ||||| |||| 00| 0 arm d | ||
| 020 | _a9789939838885 | ||
| 040 | _aAM-YeHGA | ||
| 041 | _aarm | ||
| 100 | 1 | _aԽաչիկյան, Խաչիկ Մ. | |
| 245 | 1 | 0 |
_aՄաշկավեներաբանություն ։ _b(մաշկային հիվանդությունների ախտորոշման և բուժման հիմնադրույթները, գործնական հմտություններ) / _cԽաչիկ Խաչիկյան |
| 246 | 1 | 5 | _aDermatovenerology |
| 260 |
_aԵրևան ։ _bՀայրապետ, _c2020. |
||
| 300 | 1 | _a320 էջ ։ | |
| 942 |
_2udc _cBK |
||
| 090 | _c447831 | ||
| 999 |
_c444998 _d444998 |
||